| 000 | 00944nam a2200265Ia 4500 | ||
|---|---|---|---|
| 003 | GCL | ||
| 008 | 140319s9999 xx 000 0 ara d | ||
| 020 | _a4914319953 | ||
| 040 |
_aGCL / _cGCL |
||
| 082 | 0 | 4 |
_a306 _bم ث |
| 245 | 1 | 0 | _aالثقافة العربية اسئلة التطور والمستقبل |
| 250 | _aالاولى | ||
| 260 |
_aبيروت : _bمركز دراسات الوحدة العربية ، _c2003 |
||
| 300 |
_a311 ص ؛ _c24 سم |
||
| 490 |
_aسلسلة كتب المستقبل العربى _v29 |
||
| 650 | 0 | 4 | _aالحضارة العربية الاسلامية - المعارف البحرية |
| 650 | 0 | 4 | _aالثقافة العربية |
| 650 | 0 | 4 | _aالعلاقات الثقافية |
| 650 | 0 | 4 | _aالتبادل الثقافى |
| 650 | 0 | 4 | _aالمثقفون |
| 650 | 0 | 4 | _aالمثقفون المصريون |
| 650 | 0 | 4 | _aالعولمة |
| 650 | 0 | 4 | _aالتنمية الثقافية |
| 942 |
_2ddc _cBK |
||
| 999 |
_c32914 _d32914 |
||